Effect of organic manure, inorganic fertilizer and bio-control agent on yield and quality of gladiolus / Ms Thesis (Record no. 13737)

MARC details
000 -LEADER
fixed length control field 01030nam a22002777a 4500
001 - CONTROL NUMBER
control field BD-DhSAU 9032
003 - CONTROL NUMBER IDENTIFIER
control field BD-DhSAU
005 - DATE AND TIME OF LATEST TRANSACTION
control field 20181218101731.0
008 - FIXED-LENGTH DATA ELEMENTS--GENERAL INFORMATION
fixed length control field 150612b20 bg a||||r|||| 000 0 eng d
040 ## - CATALOGING SOURCE
Original cataloging agency BD-DhSAU
082 ## - DEWEY DECIMAL CLASSIFICATION NUMBER
Edition number 22
Classification number 635
Item number Ak79
100 ## - MAIN ENTRY--PERSONAL NAME
Personal name Akter, Nadia
Relator code Reg. No. 07-02196
245 ## - TITLE STATEMENT
Title Effect of organic manure, inorganic fertilizer and bio-control agent on yield and quality of gladiolus / Ms Thesis
Statement of responsibility, etc. Nadia Akter
260 ## - PUBLICATION, DISTRIBUTION, ETC. (IMPRINT)
Place of publication, distribution, etc. Sher-e- Bangla Agricultural University :
Name of publisher, distributor, etc. Department of Horticulture,
Date of publication, distribution, etc. 2015.
300 ## - PHYSICAL DESCRIPTION
Extent xi, 74 p. :
Other physical details ill. ,
Dimensions 30 cm.
504 ## - BIBLIOGRAPHY, ETC. NOTE
Bibliography, etc Includes references.
590 ## - Name of Cataloguer
Name of Cataloger Kamim
650 ## - SUBJECT ADDED ENTRY--TOPICAL TERM
Topical term or geographic name as entry element Horticulture
650 ## - SUBJECT ADDED ENTRY--TOPICAL TERM
Topical term or geographic name as entry element Effect of organic manure, inorganic fertilizer
650 ## - SUBJECT ADDED ENTRY--TOPICAL TERM
Topical term or geographic name as entry element bio-control agent
650 ## - SUBJECT ADDED ENTRY--TOPICAL TERM
Topical term or geographic name as entry element yield and quality of gladiolus
700 ## - ADDED ENTRY--PERSONAL NAME
Personal name Ara, Kahita Anzu-Man
Relator term Supervisor
700 ## - ADDED ENTRY--PERSONAL NAME
Personal name Akand, Md. Hasanuzzaman
Relator term Co-Supervisor
856 ## - ELECTRONIC LOCATION AND ACCESS
Uniform Resource Identifier <a href="http://archive.saulibrary.edu.bd:8080/xmlui/handle/123456789/184">http://archive.saulibrary.edu.bd:8080/xmlui/handle/123456789/184</a>
942 ## - ADDED ENTRY ELEMENTS (KOHA)
Source of classification or shelving scheme Dewey Decimal Classification
Koha item type MS Level Thesis
Holdings
Withdrawn status Lost status Source of classification or shelving scheme Damaged status Not for loan Collection code Home library Branch Name Shelving location Date acquired Total Checkouts Full call number Barcode Date last seen Price effective from Koha item type
    Dewey Decimal Classification   Not For Loan Reference SAU Library SAU Library Reference 21/12/2016   635 Ak79 39891 28/12/2016 28/12/2016 MS Level Thesis